| 000 | 01659cam a2200373 a 4500 | ||
|---|---|---|---|
| 001 | howtosellmorecoo00andr | ||
| 003 | CaSfIA | ||
| 005 | 20210118101511.0 | ||
| 007 | cr|||| | ||
| 008 | 860109s1986 nyua 000 0 eng | ||
| 010 | _a 85040674 | ||
| 040 |
_aDLC _cDLC _dBAKER _dBTCTA _dYDXCP _dSJL _dKCK _dCaSfIA |
||
| 019 | _a282708954 | ||
| 020 | _a0394743075 (pbk.) | ||
| 020 | _a9780394743073 (pbk.) | ||
| 035 |
_a(OCoLC)13090500 _z(OCoLC)282708954 |
||
| 050 | 1 | 4 |
_aHF5438.25 _b.A53 1986 |
| 082 | 0 |
_a658.8/5 _219 |
|
| 100 | 1 | _aAndrews, Markita. | |
| 245 | 1 | 0 |
_aHow to sell more cookies, condos, cadillacs, computers-- and everything else / _h[electronic resource] _cMarkita Andrews with Cheryl Merser. |
| 260 |
_aNew York : _bVintage Books, _cc1986. |
||
| 300 |
_avii, 110 p. : _bill. ; _c21 cm. |
||
| 520 | _aA primer on selling, this book discusses such issues as using your time well, how to drum up business, and follow-up. | ||
| 650 | 0 | _aSelling. | |
| 700 | 1 | _aMerser, Cheryl. | |
| 740 | 0 | 1 | _aHow to sell more. |
| 856 | 4 | 1 |
_uhttp://www.archive.org/details/howtosellmorecoo00andr _zFree eBook from the Internet Archive |
| 856 | 4 | 2 |
_uhttp://www.openlibrary.org/books/OL2550396M _zAdditional information and access via Open Library |
| 029 | 1 |
_aNZ1 _b3177554 |
|
| 029 | 1 |
_aAU@ _b000004315594 |
|
| 942 | _cEB | ||
| 506 | _fНеобхідна авторизація на https://archive.org/ (створення облікового запису безкоштовно) | ||
| 506 | _fНеобхідна авторизація на https://openlibrary.org/ (створення облікового запису безкоштовно) | ||
| 999 |
_c509076 _d509076 |
||